En el Museo del Arte Escénico
Colección:
San Jorge,
; núm. 19 (juliol 1955), pàg 78
Idioma:
Español
MARC
| LEADER | 00000naa a2200000 a 4500 | ||
|---|---|---|---|
| 003 | Arxiu | ||
| 005 | 20260324181038.0 | ||
| 008 | 160829s1955 spcaxx s spa c | ||
| 040 | |a AGDB | ||
| 245 | 0 | 0 | |a En el Museo del Arte Escénico |
| 490 | |a San Jorge, |v núm. 19 (juliol 1955), pàg 78 | ||
| 610 | 2 | 0 | |a Museo del Arte Escénico (Barcelona, Catalunya) |9 54938 |
| 773 | |g Núm. 19 (juliol 1955), pàg 78 |t San Jorge. | ||
| 901 | |a Arxiu | ||
| 942 | |n 1 |2 udc |c ART | ||
| 952 | |0 0 |1 0 |4 0 |6 REV510 |7 1 |9 65265 |a Arxiu |b Arxiu |d 2023-02-09 |l 0 |o Rev-510 |r 2023-02-09 00:00:00 |w 2023-02-09 |y ARXIU |z També disponible a Rev-524 | ||
| 999 | |c 48766 |d 48766 | ||